বাংলাদেশের বিশেষ সুপিরিয়র সার্ভিস প্রশিক্ষণার্থীদের ব্যবহারিক প্রশিক্ষণ সম্মেলন : (Record no. 54333)
[ view plain ]
| 000 -LEADER | |
|---|---|
| fixed length control field | 01654nam a2200253 a 4500 |
| 001 - CONTROL NUMBER | |
| control field | 54333 |
| 003 - CONTROL NUMBER IDENTIFIER | |
| rucl marc code | BD-RjUL |
| 005 - DATE AND TIME OF LATEST TRANSACTION | |
| control field | 20211209080114.0 |
| 008 - FIXED-LENGTH DATA ELEMENTS--GENERAL INFORMATION | |
| fixed length control field | 161106s1977 bg ||||| |||| 00| 0 ben d |
| 035 ## - SYSTEM CONTROL NUMBER | |
| System control number | (BD-RjUL)54455 |
| 040 ## - CATALOGING SOURCE | |
| Original cataloging agency | BD-RjUL |
| Language of cataloging | ben |
| Transcribing agency | BD-RjUL |
| Modifying agency | BD-RjUL |
| 041 ## - LANGUAGE CODE | |
| Language code of text/sound track or separate title | ben |
| 082 ## - DEWEY DECIMAL CLASSIFICATION NUMBER | |
| Edition number | 23 |
| Classification number | 378.095492 |
| Author mark and year | BAN 1977 |
| 245 ## - TITLE STATEMENT | |
| Title | বাংলাদেশের বিশেষ সুপিরিয়র সার্ভিস প্রশিক্ষণার্থীদের ব্যবহারিক প্রশিক্ষণ সম্মেলন : |
| Remainder of title | (মে ১০-১১, ১৯৭৬ ইং) / |
| Statement of responsibility, etc. | সম্পাদনা : মঈনুল হাসান, কাজী সদরুল হক এবং মোঃ আমীরুল হক |
| 260 ## - PUBLICATION, DISTRIBUTION, ETC. (IMPRINT) | |
| Place of publication, distribution, etc. | কুমিল্লা : |
| Name of publisher, distributor, etc. | বাংলাদেশ পল্লী উন্নয়ন একাডেমী, |
| Date of publication, distribution, etc. | ১৯৭৭. |
| 300 ## - PHYSICAL DESCRIPTION | |
| Pagination | ১২৯ পৃ. ; |
| Size | ২৬ সেমি. |
| 500 ## - GENERAL NOTE | |
| General note | বি, এস, এস, প্রশিক্ষণার্থীদের থানায় ব্যাওহারিক প্রশিক্ষন ও নিরীক্ষার আলোক অনুষ্ঠিত সম্মেলন রিপোর্ট |
| 650 ## - SUBJECT ADDED ENTRY--TOPICAL TERM | |
| Topical term or geographic name as entry element | উচ্চশিক্ষা |
| Geographic subdivision | বাংলাদেশ |
| 9 (RLIN) | 121571 |
| Topical term or geographic name as entry element | Higher Education |
| Geographic subdivision | Bangladesh |
| 9 (RLIN) | 118193 |
| 700 ## - ADDED ENTRY--PERSONAL NAME | |
| Personal name | হাসান, মঈনুল : সম্পাদনা |
| Personal name | হক,কাজী সদরুল : সম্পাদনা |
| Personal name | হক,মোঃ আমীরুল : সম্পাদনা |
| 942 ## - ADDED ENTRY ELEMENTS (KOHA) | |
| Source of classification or shelving scheme | Dewey Decimal Classification |
| Koha item type | Books |
| Lost status | Source of classification or shelving scheme | Damaged status | Not for loan | Collection code | Permanent Location | Current Location | Shelving location | Date acquired | Source of acquisition | Cost, normal purchase price | Total Checkouts | Full call number | Date last seen | Copy number | Koha item type |
|---|---|---|---|---|---|---|---|---|---|---|---|---|---|---|---|
| Dewey Decimal Classification | Non-fiction | Central Library, University of Rajshahi | Central Library, University of Rajshahi | 19/07/1979 | Liakat book shop, Rajshahi. | 10.00 | B 378.095492 BAN 1977 | 06/11/2016 | C-2 | Books | |||||
| Dewey Decimal Classification | Not For Loan | Non-fiction | Central Library, University of Rajshahi | Central Library, University of Rajshahi | Reading Room | 19/07/1979 | Neyamot book, Rajshahi. | 10.00 | B 378.095492 BAN 1977 | 24/12/2016 | C-1 | Books |